| 000 | 00380 a2200121 4500 | ||
|---|---|---|---|
| 001 | ART_31278 | ||
| 005 | 20260410161840.0 | ||
| 008 | 260409a | ||
| 245 | 1 | 0 | _aReglamento del Código de disciplina de las Fuerzas Armadas |
| 100 | 1 | _aFuria de Torres, Lilian Alicia G. | |
| 700 | 1 | _aTorres, Ismael F. | |
| 773 | 0 |
_tRAP _g- Año 36, Nº 422 (nov. 2013) _wREV5941 |
|
| 999 |
_c24015 _d24015 |
||